| 000 | 00351pab a2200145 454500 | ||
|---|---|---|---|
| 008 | 180718b1998 xxu||||| |||| 00| 0 eng d | ||
| 245 | _aSPECIAL issue on India's economic reforms | ||
| 260 | _c1998 | ||
| 300 | _ap.5-91 | ||
| 362 | _aJan-Mar | ||
| 650 | _aEconomic reform - India | ||
| 650 | _aEconomic reform | ||
| 773 | _aVikalpa | ||
| 909 | _a38988 | ||
| 999 |
_c38988 _d38988 |
||